[Event "World op 52nd"]
[Site "Philadelphia"]
[Date "2024.07.04"]
[Round "3"]
[White "Atwell, Rose"]
[Black "Rowe, Duane"]
[Result "1-0"]
[WhiteElo "2277"]
[BlackElo "2055"]
[PlyCount "153"]
[EventDate "2024.07.03"]
[EventType "swiss"]
[EventRounds "9"]
[EventCountry "USA"]
[SourceTitle "CBM 221 Extra"]
[Source "ChessBase"]
[SourceDate "2024.09.30"]
[SourceVersion "1"]
[SourceVersionDate "2024.09.30"]
[SourceQuality "1"]

1. e4 c5 2. Nf3 e6 3. b3 Nc6 4. Bb5 Nge7 5. Bxc6 bxc6 6. 0-0 Ng6 7. Bb2 d6 8. d4 cxd4 9. Nxd4 Qb6 10. c4 Be7 11. Nc3 0-0 12. Qd2 Bb7 13. Rad1 Rad8 14. Qe3 c5 15. Nde2 Qc6 16. f3 Rfe8 17. Rd2 h6 18. Qd3 a6 19. Nd1 d5 20. cxd5 exd5 21. exd5 Rxd5 22. Qxd5 Qxd5 23. Rxd5 Bxd5 24. Ndc3 Be6 25. Ba3 Rd8 26. Rd1 Rxd1+ 27. Nxd1 Kf8 28. Kf2 Ke8 29. Ndc3 Kd7 30. Ke3 Kc6 31. g3 f5 32. f4 Bd6 33. Nc1 Ne7 34. Nd3 g5 35. b4 cxb4 36. Bxb4 gxf4+ 37. gxf4 Nd5+ 38. Nxd5 Bxd5 39. Bxd6 Kxd6 40. a3 Be4 41. Nf2 Bb1 42. Kd4 Bc2 43. h4 a5 44. Kc3 Ba4 45. Kc4 Kc6 46. Nh1 Bb5+ 47. Kd4 Kd6 48. Ng3 Bd7 49. Ne2 Bb5 50. Nc3 Be8 51. Nd5 Bf7 52. Ne3 Ke6 53. Nc4 a4 54. Nb6 Be8 55. Kc5 Kf6 56. Nd5+ Kg6 57. Kd6 Bf7 58. Ke5 Bxd5 59. Kxd5 Kh5 60. Ke5 Kxh4 61. Kxf5 Kg3 62. Ke5 h5 63. f5 h4 64. f6 h3 65. f7 h2 66. f8Q h1Q 67. Qf4+ Kg2 68. Qe4+ Kg1 69. Qxh1+ Kxh1 70. Kd5 Kg2 71. Kc5 Kf3 72. Kb5 Ke4 73. Kxa4 Kd5 74. Kb5 Kd6 75. Kb6 Kd7 76. Kb7 Kd6 77. a4 1-0

[Event "Philadelphia op 17th"]
[Site "Philadelphia"]
[Date "2024.06.29"]
[Round "5"]
[White "Atwell, Rose"]
[Black "Yanayt, Eugene"]
[Result "1/2-1/2"]
[WhiteElo "2277"]
[BlackElo "2101"]
[PlyCount "129"]
[EventDate "2024.06.27"]
[EventType "swiss"]
[EventRounds "9"]
[EventCountry "USA"]
[SourceTitle "CBM 221 Extra"]
[Source "ChessBase"]
[SourceDate "2024.09.30"]
[SourceVersion "1"]
[SourceVersionDate "2024.09.30"]
[SourceQuality "1"]

1. e4 c5 2. Nf3 d6 3. Bb5+ Bd7 4. Bxd7+ Qxd7 5. c4 Nf6 6. Nc3 g6 7. d4 cxd4 8. Nxd4 Bg7 9. f3 0-0 10. Be3 Nc6 11. Qd3 Qd8 12. 0-0 Nd7 13. Rad1 Nxd4 14. Bxd4 Bxd4+ 15. Qxd4 Qb6 16. Nd5 Qxd4+ 17. Rxd4 Rae8 18. Rfd1 f6 19. Kf2 Kf7 20. Ke3 Rc8 21. b3 h5 22. Nc3 a6 23. Nd5 Rc6 24. R4d2 Rb8 25. f4 Rc5 26. Nb4 Rcc8 27. Rd5 Nb6 28. R5d4 Nd7 29. Nd3 Nc5 30. Ne1 b5 31. cxb5 axb5 32. Rc1 Na6 33. Rxc8 Rxc8 34. Kd2 Nc5 35. Ke3 Na6 36. Rd2 Rc3+ 37. Kd4 Rc1 38. Nd3 Rc6 39. g3 Ke6 40. f5+ gxf5 41. Nf4+ Kd7 42. exf5 Rc5 43. Nd5 Nc7 44. Ne3 Re5 45. Rf2 d5 46. Kd3 Na6 47. Rf4 Kd6 48. b4 Re4 49. Nxd5 Rxf4 50. Nxf4 Nxb4+ 51. Kd4 Nxa2 52. Nxh5 b4 53. Kc4 Ke5 54. Ng7 Nc1 55. Kxb4 Ne2 56. Kc5 Nd4 57. g4 Nf3 58. h3 Kf4 59. Nh5+ Ke5 60. Kc6 Ng5 61. h4 Nf3 62. Kd7 Nxh4 63. Kxe7 Nxf5+ 64. gxf5 Kxf5 65. Nxf6 1/2-1/2